00395nam a2200121 a 4500008004100000020001500041050001500056100001900071245007000090246004100160260006300201350000900264120416s1998 ||||||||||||||||| || u a1901396703 aSB 951 Man aRobinson, T. H10aManaging pesticide waste and pakckagingcedited by T. H. Robinson aBCPC symposium proceedings number 70 aFarnham, SurreybThe British Crop Protection Councilc1998 a0.00